The right of infants to the Lord's Suppr defended : By the demonstrative arguments of Mr. Peter Edwards, in his candid reasons, for renouncing the principles of antipd̆obaptism. By a native of New-York.

Bibliographic Details
Main Author: Native of New York
Corporate Author: Gale (Firm)
Other Authors: Edwards, Peter (Of Portsea, England)
Format: eBook
Language:English
Published: London : Printed for the author; and sold by W. Button, No. 24, Pater-Noster-Row, 1795.
Subjects:
Online Access:Connect to the full text of this electronic book

MARC

Tag First Indicator Second Indicator Subfields
LEADER 00000cam a2200000 4500
001 in00003840802
005 20190415183450.0
006 m o d
007 cr |n||||||||n
008 921108s1795 enk|||| o 00||||eng c
035 |a (CU-RivES)N48324 
035 |a (Uk-ES)006041849 
035 |a (OCoLC)508226721 
040 |a CU-RivES  |c CU-RivES  |d CStRLIN  |d Cengage Gale  |d UtOrBLW 
100 0 |a Native of New York. 
245 1 4 |a The right of infants to the Lord's Suppr defended :  |b By the demonstrative arguments of Mr. Peter Edwards, in his candid reasons, for renouncing the principles of antipd̆obaptism. By a native of New-York. 
264 1 |a London :  |b Printed for the author; and sold by W. Button, No. 24, Pater-Noster-Row,  |c 1795. 
300 |a 1 online resource (12 pages)  
336 |a text  |b txt  |2 rdacontent 
337 |a computer  |b c  |2 rdamedia 
338 |a online resource  |b cr  |2 rdacarrier 
500 |a Peter Edwards' 'Candid reasons for renouncing the principles of antipædobaptism' was published in the same year. 
500 |a Price in square brackets: (Price One Penny.) 
510 4 |a English Short Title Catalog,  |c N48324. 
500 |a Reproduction of original from Library of Congress. 
500 |a Electronic resource. 
650 0 |a Infant communion  |v Early works to 1800. 
655 7 |a Electronic books.  |2 local 
700 1 |a Edwards, Peter  |c (Of Portsea, England)  |0 http://id.loc.gov/authorities/names/n50024911 
710 2 |a Gale (Firm)  |0 http://id.loc.gov/authorities/names/no2008071348 
752 |a Great Britain  |b England  |d London. 
856 4 0 |u http://proxy.library.tamu.edu/login?url=http://find.galegroup.com/ecco/infomark.do?contentSet=ECCOArticles&docType=ECCOArticles&bookId=1450500100&type=getFullCitation&tabID=T001&prodId=ECCO&docLevel=TEXT_GRAPHICS&version=1.0&source=library&userGroupName=txshracd2898  |z Connect to the full text of this electronic book  |t 0 
999 f f |s ff08635d-f912-3f52-9287-42ab3018df49  |i 490752cb-1eb3-30fa-b5b7-1a4a42acd796  |t 0 
952 f f |a Texas A&M University  |b College Station  |c Electronic Resources  |d Available Online  |t 0  |h No information provided 
998 f f |t 0  |l Available Online